000 01640nam a2200313Ia 4500
001 E9382
003 IT-RoPAU
008 130308s9999 xx 000 0 und d
040 _aIT-RoPAU
040 _cIT-RoPAU
041 _aITALIANO
100 _aAA.VV.
100 _gCodice Aut. SPICS: 12000
245 _aLuc Besson. L'iniziazione, i sentimenti e la forma
245 _bLuc Besson. L'Iniziazione, I sentimenti e la Forma
250 _a1a ed.
260 _aROMA
260 _bSorbini Stefano Editore
260 _c1997 [1° Ed.:1997 - Ed.Ling.Originale:1997]
300 _a"160 p. (prefazione: no ; testo: 160)"
500 _aMonografia del regista Francese Luc Besson, che Ha Esordito a 21 Anni (Piu' giovane in Assoluto) ed è L'Alfiere della Nuova Cinematografia Visionaria Europea. ricostruzione del suo Percorso e Analisi Approfondita del suo Cinema Amato Soprattutto Dalle nuove Generazioni. Note biografiche del Regista. interviste a cura di Marco Martani con Il regista che parla dei Suoi Film e della Sua Esperienza Cinematografica. Antologia Critica a cura di Andrea Taglacozzo. Schede e recensioni dei Suoi Film: le Dernier Combat, Subway,Le grand Bleu, Nikita, Atlantis, Leon, Il quinto Elemento (Le Cinquieme Element). Alieno in un Mondo di Alieni di Federico Chiacchiari. Il Gioco e Ilrito di Luciano Barisone. Note sull'attore Jean Reno e Sul Musicista Eric Serra. Filmografia e Videografia. Bibliografia.
650 _aAUTORI/OPERE DEL CINEMA
650 _eCodice materia Spics: 6807
700 _aMartani Marco
700 _gCodice Aut. SPICS: 26823
942 _cBK
957 _71
999 _c93055
_d93055
999 _g1